[Event "CZE-chT2A 1314"]
[Site "Czech Republic"]
[Date "2013.11.17"]
[Round "2.2"]
[White "Matras, Ondrej"]
[Black "Tichy, Vladimir"]
[Result "1-0"]
[WhiteElo "2224"]
[BlackElo "2225"]
[PlyCount "79"]
[EventDate "2013.11.03"]
[EventType "team-tourn"]
[EventRounds "11"]
[EventCountry "CZE"]
[SourceTitle "EXT 2015"]
[Source "ChessBase"]
[SourceDate "2014.11.20"]
[SourceVersion "1"]
[SourceVersionDate "2014.11.20"]
[SourceQuality "1"]
[WhiteTeam "Praha Vrsovice"]
[BlackTeam "Vysehrad II"]
[WhiteTeamCountry "CZE"]
[BlackTeamCountry "CZE"]

1. d4 Nf6 2. c4 e6 3. Nc3 Bb4 4. Qc2 c5 5. dxc5 Bxc5 6. Nf3 0-0 7. Bg5 h6 8. Bh4 Nc6 9. e3 b6 10. a3 Bb7 11. Bd3 Be7 12. 0-0 Rc8 13. Qe2 Nh5 14. Bxe7 Qxe7 15. Rac1 Rfd8 16. Rfd1 d6 17. Nb5 Nf6 18. Bb1 Na5 19. Ba2 a6 20. Nc3 Bxf3 21. gxf3 Nc6 22. Kh1 Ne5 23. Rg1 Rc7 24. f4 Ng6 25. Rg3 Rdc8 26. Rcg1 Rc5 27. f3 b5 28. cxb5 axb5 29. Bb1 Nh5 30. Rg4 Nf8 31. Qd2 f5 32. R4g2 Qb7 33. e4 fxe4 34. fxe4 Qf7 35. f5 Kh8 36. Ba2 Qe7 37. fxe6 Nxe6 38. Bxe6 Qxe6 39. Rg6 Qh3 40. Qxh6+ 1-0

[Event "CZE-chT2C 1213"]
[Site "Czech Republic"]
[Date "2013.02.03"]
[Round "8.2"]
[White "Taborsky, Rostislav"]
[Black "Tichy, Vladimir"]
[Result "1/2-1/2"]
[WhiteElo "2254"]
[BlackElo "2237"]
[PlyCount "102"]
[EventDate "2012.10.14"]
[EventType "team-tourn"]
[EventRounds "11"]
[EventCountry "CZE"]
[SourceTitle "EXT 2015"]
[Source "ChessBase"]
[SourceDate "2014.11.20"]
[SourceVersion "1"]
[SourceVersionDate "2014.11.20"]
[SourceQuality "1"]
[WhiteTeam "Praha Bohemians II"]
[BlackTeam "Vysehrad II"]
[WhiteTeamCountry "CZE"]
[BlackTeamCountry "CZE"]

1. d4 Nf6 2. c4 e6 3. g3 Bb4+ 4. Bd2 Bxd2+ 5. Qxd2 d6 6. Bg2 0-0 7. e4 e5 8. Ne2 Nc6 9. 0-0 Nxd4 10. Nxd4 exd4 11. Qxd4 Be6 12. Nc3 c5 13. Qd3 Qe7 14. b3 a6 15. a4 Rad8 16. Rad1 Rfe8 17. f4 b6 18. h3 h6 19. Kh2 Bc8 20. Rfe1 Bb7 21. Nd5 Nxd5 22. cxd5 f6 23. h4 Bc8 24. e5 fxe5 25. fxe5 Bg4 26. exd6 Qxd6 27. Rc1 a5 28. Qb5 Bd7 29. Qc4 Rxe1 30. Rxe1 Re8 31. Rxe8+ Bxe8 32. Qe4 Bg6 33. Qg4 Kf7 34. h5 Bc2 35. Qc4 Bf5 36. Be4 Bxe4 37. Qxe4 Qf6 38. Kg2 Qb2+ 39. Kh3 Qf6 40. Kg2 Qb2+ 41. Kh3 Qf6 42. Kg2 Qb2+ 43. Kf3 Qxb3+ 44. Ke2 Qb2+ 45. Kf1 Qf6+ 46. Kg2 g6 47. hxg6+ Qxg6 48. Qf4+ Qf6 49. Qc7+ Kg6 50. d6 Qe6 51. d7 Qe2+ 1/2-1/2

[Event "CZE-chT1W 1112"]
[Site "Czech Republic"]
[Date "2012.04.01"]
[Round "11.5"]
[White "Juptner, Jan"]
[Black "Tichy, Vladimir"]
[Result "1-0"]
[WhiteElo "2318"]
[BlackElo "2257"]
[PlyCount "51"]
[EventDate "2011.10.02"]
[EventType "team-tourn"]
[EventRounds "11"]
[EventCountry "CZE"]
[SourceTitle "EXT 2013"]
[Source "ChessBase"]
[SourceDate "2012.11.22"]
[SourceVersion "1"]
[SourceVersionDate "2012.11.22"]
[SourceQuality "1"]
[WhiteTeam "Hradec Kralove"]
[BlackTeam "Vysehrad"]
[WhiteTeamCountry "CZE"]
[BlackTeamCountry "CZE"]

1. d4 Nf6 2. c4 e6 3. Nc3 Bb4 4. Nf3 c5 5. g3 0-0 6. Bg2 d6 7. 0-0 Bxc3 8. bxc3 Nc6 9. Bf4 Re8 10. Rb1 Ne4 11. Qc2 f5 12. dxc5 e5 13. Be3 dxc5 14. Nh4 Qf6 15. Nxf5 Bxf5 16. Bxe4 Bxe4 17. Qxe4 b6 18. Rbd1 Na5 19. Rd7 Qe6 20. Rfd1 Qxc4 21. Rxg7+ Kxg7 22. Rd7+ Kf6 23. Qxh7 Qg8 24. Qh6+ Kf5 25. f3 Qg6 26. Rf7+ 1-0

[Event "CZE-chT2C 1112"]
[Site "Czech Republic"]
[Date "2012.01.22"]
[Round "6.1"]
[White "Tichy, Vladimir"]
[Black "Braun, Marek"]
[Result "1/2-1/2"]
[WhiteElo "2257"]
[BlackElo "2129"]
[PlyCount "120"]
[EventDate "2011.10.09"]
[EventType "team-tourn"]
[EventRounds "11"]
[EventCountry "CZE"]
[SourceTitle "EXT 2013"]
[Source "ChessBase"]
[SourceDate "2012.11.22"]
[SourceVersion "1"]
[SourceVersionDate "2012.11.22"]
[SourceQuality "1"]
[WhiteTeam "Vysehrad II"]
[BlackTeam "Liberec"]
[WhiteTeamCountry "CZE"]
[BlackTeamCountry "CZE"]

1. d4 Nf6 2. Bg5 g6 3. Bxf6 exf6 4. e3 Bg7 5. Bd3 f5 6. Ne2 0-0 7. 0-0 b6 8. Nf4 Bb7 9. Nd2 c5 10. c3 Nc6 11. Bc4 cxd4 12. cxd4 Bh6 13. Qf3 Qc7 14. Nd5 Qd6 15. Qg3 Qxg3 16. hxg3 Nxd4 17. Rfd1 Nc6 18. Rac1 Bg7 19. b3 Rfd8 20. Be2 Ne5 21. Nc4 Nxc4 22. Rxc4 Kf8 23. Bf3 Rac8 24. Rdc1 Rxc4 25. Rxc4 Bxd5 26. Bxd5 Be5 27. b4 Ke7 28. a4 b5 29. axb5 Rb8 30. Bf3 Rxb5 31. Be2 Bd6 32. Rh4 Rxb4 33. Rxh7 a5 34. Rh4 a4 35. Rxb4 Bxb4 36. Bc4 Kd6 37. Kf1 Kc5 38. Ba2 Ba5 39. Ke2 Kb4 40. Kd3 f6 41. Kc2 g5 42. Bf7 Bb6 43. Bg6 f4 44. gxf4 gxf4 45. exf4 Bxf2 46. g4 Be3 47. g5 fxg5 48. fxg5 Bxg5 49. Bf7 a3 50. Kd3 Kc5 51. Ba2 Bc1 52. Bb3 Bb2 53. Ba2 d5 54. Bb3 Kd6 55. Ba2 Ke5 56. Bb3 d4 57. Bg8 Kf4 58. Bd5 Kg3 59. Ke2 Kf4 60. Kd3 Ke5 1/2-1/2

[Event "CZE-chT2C 1112"]
[Site "Czech Republic"]
[Date "2011.11.20"]
[Round "3.1"]
[White "Tichy, Vladimir"]
[Black "Jirasek, Pavel"]
[Result "0-1"]
[WhiteElo "2257"]
[BlackElo "2258"]
[PlyCount "104"]
[EventDate "2011.10.09"]
[EventType "team-tourn"]
[EventRounds "11"]
[EventCountry "CZE"]
[SourceTitle "EXT 2013"]
[Source "ChessBase"]
[SourceDate "2012.11.22"]
[SourceVersion "1"]
[SourceVersionDate "2012.11.22"]
[SourceQuality "1"]
[WhiteTeam "Vysehrad II"]
[BlackTeam "Horice"]
[WhiteTeamCountry "CZE"]
[BlackTeamCountry "CZE"]

1. d4 Nf6 2. Bg5 e6 3. c4 Bb4+ 4. Nc3 h6 5. Bh4 c5 6. d5 Bxc3+ 7. bxc3 d6 8. e3 e5 9. Bd3 e4 10. Bc2 Nbd7 11. Ba4 0-0 12. Bxd7 Bxd7 13. Ne2 Qe7 14. Qc2 Bg4 15. Bxf6 Qxf6 16. Ng3 Rae8 17. 0-0 Qe5 18. a4 h5 19. h3 h4 20. Ne2 Bxe2 21. Qxe2 Qxc3 22. Rab1 Re7 23. Rb5 f5 24. Rfb1 Rff7 25. R5b3 Qe5 26. a5 g5 27. Qb2 Qxb2 28. R1xb2 Kf8 29. g3 Kg7 30. gxh4 gxh4 31. f4 exf3 32. Kf2 Kf6 33. Kxf3 Rg7 34. Rg2 Rxg2 35. Kxg2 Ke5 36. Kf3 Rg7 37. Rb1 Rg3+ 38. Kf2 b6 39. axb6 axb6 40. Rxb6 Rxh3 41. Rb8 Ke4 42. Rd8 Rf3+ 43. Kg2 h3+ 44. Kh2 Kd3 45. Rxd6 Kxc4 46. Rd8 Rxe3 47. d6 Rd3 48. d7 f4 49. Kg1 f3 50. Kf2 h2 51. Rh8 Rxd7 52. Kxf3 Rd2 0-1

[Event "CZE-chT2A 1011"]
[Site "Czech Republic"]
[Date "2011.03.27"]
[Round "10"]
[White "Nemcova, Katerina"]
[Black "Tichy, Vladimir"]
[Result "1-0"]
[WhiteElo "2283"]
[BlackElo "2275"]
[PlyCount "73"]
[EventDate "2010.10.17"]
[EventType "team-tourn"]
[EventRounds "11"]
[EventCountry "CZE"]
[SourceTitle "EXT 2012"]
[Source "ChessBase"]
[SourceDate "2011.11.24"]
[SourceVersion "1"]
[SourceVersionDate "2011.11.24"]
[SourceQuality "1"]
[WhiteTeam "Praha Oaza"]
[BlackTeam "Vysehrad II"]
[WhiteTeamCountry "CZE"]
[BlackTeamCountry "CZE"]

1. e4 e5 2. Nf3 Nc6 3. Bb5 a6 4. Ba4 Nf6 5. 0-0 b5 6. Bb3 Be7 7. Re1 d6 8. c3 0-0 9. h3 Na5 10. Bc2 c5 11. d4 Qc7 12. d5 Bd7 13. b3 Ne8 14. Nbd2 g6 15. Nf1 Ng7 16. Ng3 Nb7 17. Nh2 f6 18. Ng4 Nd8 19. f4 exf4 20. Nh6+ Kh8 21. Bxf4 Nf7 22. Rf1 Ne5 23. Qd2 a5 24. Rad1 c4 25. Kh2 Ra6 26. Ne2 Nh5 27. Be3 cxb3 28. axb3 a4 29. Bd4 axb3 30. Bxb3 Nc4 31. Qc1 Ne5 32. Rf2 Rfa8 33. Bxe5 dxe5 34. d6 Qc5 35. dxe7 Qxf2 36. Rxd7 Nf4 37. Nxf4 1-0

[Event "CZE-chT1W 1011"]
[Site "Czech Republic"]
[Date "2010.10.31"]
[Round "2.3"]
[White "Tichy, Vladimir"]
[Black "Nun, Jiri"]
[Result "1-0"]
[WhiteElo "2275"]
[BlackElo "2356"]
[PlyCount "160"]
[EventDate "2010.10.10"]
[EventType "team-tourn"]
[EventRounds "11"]
[EventCountry "CZE"]
[SourceTitle "EXT 2012"]
[Source "ChessBase"]
[SourceDate "2011.11.24"]
[SourceVersion "1"]
[SourceVersionDate "2011.11.24"]
[SourceQuality "1"]
[WhiteTeam "Praha Vysehrad"]
[BlackTeam "Hradec Kralove"]
[WhiteTeamCountry "CZE"]
[BlackTeamCountry "CZE"]

1. d4 c5 2. d5 g6 3. e4 Bg7 4. Nf3 d6 5. Bb5+ Bd7 6. Bxd7+ Nxd7 7. a4 Ngf6 8. Nc3 0-0 9. 0-0 b6 10. Bf4 a6 11. Nd2 Ne8 12. Qe2 Nc7 13. Nc4 b5 14. Na5 b4 15. Nc6 Qe8 16. Nd1 Nb8 17. Na5 f5 18. c4 g5 19. Bxg5 f4 20. Qg4 e5 21. f3 Ra7 22. Nf2 Qf7 23. Nh3 Kh8 24. Qh4 Ne8 25. Kh1 Rg8 26. g3 fxg3 27. hxg3 Qg6 28. Rae1 Bf6 29. f4 Bxg5 30. fxg5 Rf7 31. Kg2 Rgf8 32. Qg4 Ng7 33. Qe2 Nh5 34. Nc6 Rxf1 35. Rxf1 Rxf1 36. Qxf1 Qxe4+ 37. Qf3 Qxf3+ 38. Kxf3 Nd7 39. Nf2 Ng7 40. Ne4 Ne8 41. Nd8 Kg7 42. Nb7 Nb6 43. b3 Nc8 44. a5 Kf8 45. Nd8 Ke7 46. Ne6 Kf7 47. Kg4 Kg6 48. Nf8+ Kg7 49. Nd7 Kg6 50. Ndf6 Ng7 51. Nd7 Ne8 52. Nef6 h5+ 53. Nxh5 e4 54. Nf8+ Kf7 55. Ne6 Ne7 56. Kf4 Ng6+ 57. Kxe4 Ne5 58. Nhf4 Ng4 59. Nd8+ Ke7 60. Nfe6 Nf2+ 61. Ke3 Ng4+ 62. Kd2 Ne5 63. g6 Nxg6 64. Nc6+ Kd7 65. Nb8+ Kc8 66. Nxa6 Kb7 67. Naxc5+ dxc5 68. Nxc5+ Ka7 69. Nd3 Ka6 70. Nxb4+ Kxa5 71. Nc6+ Kb6 72. b4 Nf6 73. Kd3 Nh5 74. c5+ Kc7 75. b5 Nxg3 76. b6+ Kc8 77. d6 Nf8 78. Ne5 Ne6 79. c6 Nf5 80. b7+ Kb8 1-0

[Event "CZE-chT1W 0910"]
[Site "Czech Republic"]
[Date "2010.02.21"]
[Round "9.4"]
[White "Kubecka, David"]
[Black "Tichy, Vladimir"]
[Result "1/2-1/2"]
[WhiteElo "2270"]
[BlackElo "2260"]
[PlyCount "101"]
[EventDate "2009.10.11"]
[EventType "team-tourn"]
[EventRounds "11"]
[EventCountry "CZE"]
[SourceTitle "EXT 2011"]
[Source "ChessBase"]
[SourceDate "2010.11.26"]
[SourceVersion "1"]
[SourceVersionDate "2010.11.26"]
[SourceQuality "1"]
[WhiteTeam "Vrsovice"]
[BlackTeam "Vysehrad"]
[WhiteTeamCountry "CZE"]
[BlackTeamCountry "CZE"]

1. c4 Nf6 2. g3 g6 3. Bg2 Bg7 4. Nc3 0-0 5. d4 d6 6. Nf3 Nc6 7. 0-0 a6 8. b3 Rb8 9. Nd5 Bg4 10. Bb2 Qd7 11. Re1 Rfe8 12. Rc1 Bxf3 13. Bxf3 e6 14. Nxf6+ Bxf6 15. e3 Ne7 16. e4 Nc6 17. e5 Bg7 18. Bg2 Red8 19. Qc2 dxe5 20. dxe5 Nb4 21. Qe2 Qd3 22. Bc3 c5 23. Be4 Qxe2 24. Rxe2 Nd3 25. Rd1 Nxe5 26. Rxd8+ Rxd8 27. Bxe5 Bxe5 28. Bxb7 Bc3 29. Bxa6 Rd2 30. Rxd2 Bxd2 31. Kf1 Kf8 32. a3 Ke7 33. Ke2 Bc1 34. b4 Bxa3 35. b5 Bb2 36. Bb7 Bc3 37. Bc6 Ba5 38. g4 h6 39. h4 g5 40. h5 f6 41. Ke3 Kd6 42. f4 Bb6 43. fxg5 fxg5 44. Ke4 Ba5 45. Bb7 Bb6 46. Bc8 Ba5 47. Kd3 Bb6 48. Kc3 Ba5+ 49. Kb3 Bb6 50. Ka4 Ke5 51. Bd7 1/2-1/2

[Event "CZE-chT1W 0910"]
[Site "Czech Republic"]
[Date "2010.01.10"]
[Round "6.5"]
[White "Neckar, Lubomir"]
[Black "Tichy, Vladimir"]
[Result "1/2-1/2"]
[WhiteElo "2337"]
[BlackElo "2260"]
[PlyCount "86"]
[EventDate "2009.10.11"]
[EventType "team-tourn"]
[EventRounds "11"]
[EventCountry "CZE"]
[SourceTitle "EXT 2011"]
[Source "ChessBase"]
[SourceDate "2010.11.26"]
[SourceVersion "1"]
[SourceVersionDate "2010.11.26"]
[SourceQuality "1"]
[WhiteTeam "Lysa nad Labem"]
[BlackTeam "Vysehrad"]
[WhiteTeamCountry "CZE"]
[BlackTeamCountry "CZE"]

1. Nf3 Nf6 2. g3 d5 3. Bg2 Bg4 4. c4 c6 5. cxd5 Bxf3 6. Bxf3 cxd5 7. d4 Nc6 8. 0-0 e6 9. e3 Be7 10. Nc3 0-0 11. Bd2 Qd7 12. Qe2 Rac8 13. Bg2 Bb4 14. Rfc1 Na5 15. a3 Bxc3 16. Rxc3 Rxc3 17. Bxc3 Nb3 18. Rd1 a5 19. f3 b5 20. Bf1 Rb8 21. Qc2 a4 22. Bb4 Ne8 23. Rd3 g6 24. Rc3 Kg7 25. Rc6 Qd8 26. Kg2 Na5 27. Rc5 Nd6 28. Qc3 Nac4 29. Kf2 Qf6 30. Bd3 Nf5 31. Bxc4 bxc4 32. Ra5 g5 33. Kg2 Qg6 34. Rxa4 g4 35. f4 Nxe3+ 36. Qxe3 Qc2+ 37. Kg1 Qxa4 38. Qe5+ f6 39. Qxb8 Qd1+ 40. Kg2 Qc2+ 41. Kg1 Qb1+ 42. Kf2 Qxb2+ 43. Ke3 Qb3+ 1/2-1/2

[Event "Prague Rejfir Memorial"]
[Site "Prague"]
[Date "2009.06.09"]
[Round "9"]
[White "Tichy, Vladimir"]
[Black "Vlach, Karel"]
[Result "1/2-1/2"]
[WhiteElo "2256"]
[BlackElo "2152"]
[PlyCount "64"]
[EventDate "2009.04.14"]
[EventType "swiss"]
[EventRounds "9"]
[EventCountry "CZE"]
[SourceTitle "EXT 2012"]
[Source "ChessBase"]
[SourceDate "2011.11.24"]
[SourceVersion "1"]
[SourceVersionDate "2011.11.24"]
[SourceQuality "1"]

1. d4 d5 2. c4 c6 3. e3 Nf6 4. Nc3 Bf5 5. Nf3 e6 6. Be2 Nbd7 7. 0-0 Bd6 8. b3 0-0 9. Bb2 h6 10. Re1 Re8 11. h3 Rc8 12. a3 Bb8 13. Rc1 Qc7 14. Bf1 Ne4 15. cxd5 Nxc3 16. Bxc3 exd5 17. g3 Nf6 18. Ne5 Ne4 19. Qf3 Bh7 20. Qg2 Qe7 21. Bb2 Nd2 22. f4 Nxb3 23. Rcd1 f6 24. Nd3 Na5 25. Bc1 Nc4 26. a4 Be4 27. Qa2 b6 28. Nf2 Nd6 29. Ba3 Qe6 30. Bxd6 Bxd6 31. Nxe4 Qxe4 32. Bg2 Qe6 1/2-1/2

[Event "Prague Rejfir Memorial"]
[Site "Prague"]
[Date "2009.06.02"]
[Round "8"]
[White "Masek, Miroslav"]
[Black "Tichy, Vladimir"]
[Result "0-1"]
[WhiteElo "2199"]
[BlackElo "2256"]
[PlyCount "100"]
[EventDate "2009.04.14"]
[EventType "swiss"]
[EventRounds "9"]
[EventCountry "CZE"]
[SourceTitle "EXT 2012"]
[Source "ChessBase"]
[SourceDate "2011.11.24"]
[SourceVersion "1"]
[SourceVersionDate "2011.11.24"]
[SourceQuality "1"]

1. d4 Nf6 2. c4 e6 3. g3 Bb4+ 4. Bd2 Qe7 5. Bg2 d5 6. Nf3 0-0 7. 0-0 dxc4 8. Qc2 Nc6 9. Qxc4 Rd8 10. Bg5 h6 11. Bxf6 Qxf6 12. e3 Bf8 13. Nc3 e5 14. d5 Nb4 15. a3 Na6 16. Ne4 Qe7 17. b4 Bf5 18. Nh4 Bh7 19. Rfc1 Bxe4 20. Bxe4 Qf6 21. Bd3 Bd6 22. Nf5 Re8 23. Qe4 g6 24. Nxh6+ Kg7 25. Ng4 Qe7 26. Qf3 f5 27. Bxf5 gxf5 28. Qxf5 Rf8 29. Qe4 Qg5 30. Rc4 Rf7 31. h3 b5 32. f4 Qf5 33. Qxf5 Rxf5 34. Re4 exf4 35. exf4 Rxd5 36. Ne3 Rd3 37. Nf5+ Kf6 38. Nxd6 cxd6 39. a4 Kf5 40. Re7 Nxb4 41. axb5 Rxg3+ 42. Kf2 Rgg8 43. Kf3 a5 44. b6 Nd5 45. Rf7+ Ke6 46. Rb7 Rab8 47. Re1+ Kf6 48. Ra7 Rxb6 49. Rxa5 Rb3+ 50. Kf2 Nxf4 0-1

[Event "Prague Rejfir Memorial"]
[Site "Prague"]
[Date "2009.05.26"]
[Round "7"]
[White "Tichy, Vladimir"]
[Black "Sturz, Ota"]
[Result "1-0"]
[WhiteElo "2256"]
[BlackElo "2084"]
[PlyCount "63"]
[EventDate "2009.04.14"]
[EventType "swiss"]
[EventRounds "9"]
[EventCountry "CZE"]
[SourceTitle "EXT 2012"]
[Source "ChessBase"]
[SourceDate "2011.11.24"]
[SourceVersion "1"]
[SourceVersionDate "2011.11.24"]
[SourceQuality "1"]

1. d4 d5 2. c4 c6 3. Nf3 Nf6 4. Nc3 Bg4 5. Qb3 Qb6 6. c5 Qxb3 7. axb3 Nfd7 8. Bf4 f6 9. b4 Bxf3 10. gxf3 e5 11. dxe5 Nxe5 12. Be3 g6 13. f4 Ng4 14. Bd4 Kf7 15. e4 Bg7 16. exd5 Re8+ 17. Kd2 f5 18. Bc4 Kf8 19. Bxg7+ Kxg7 20. Rhe1 Rxe1 21. Rxe1 cxd5 22. Bxd5 Nc6 23. b5 Nb4 24. Re7+ Kh6 25. c6 bxc6 26. bxc6 Nf6 27. Bf3 Rd8+ 28. Ke2 Rd4 29. c7 Rc4 30. Bb7 Nbd5 31. Bxd5 Nxd5 32. Nxd5 1-0

[Event "Prague Rejfir Memorial"]
[Site "Prague"]
[Date "2009.05.12"]
[Round "5"]
[White "Tichy, Vladimir"]
[Black "Vavra, Pavel"]
[Result "0-1"]
[WhiteElo "2256"]
[BlackElo "2367"]
[PlyCount "60"]
[EventDate "2009.04.14"]
[EventType "swiss"]
[EventRounds "9"]
[EventCountry "CZE"]
[SourceTitle "EXT 2012"]
[Source "ChessBase"]
[SourceDate "2011.11.24"]
[SourceVersion "1"]
[SourceVersionDate "2011.11.24"]
[SourceQuality "1"]

1. Nf3 d5 2. c4 c6 3. b3 g6 4. Bb2 f6 5. d4 Nh6 6. Nbd2 Bg7 7. g3 Bf5 8. Bg2 Qd7 9. 0-0 0-0 10. Ne1 e5 11. cxd5 cxd5 12. dxe5 fxe5 13. e4 Bg4 14. f3 Be6 15. exd5 Bxd5 16. Nc4 Nc6 17. Nd3 Bxc4 18. bxc4 Nf5 19. Qe2 e4 20. fxe4 Bxb2 21. Qxb2 Ne3 22. Rxf8+ Rxf8 23. Nf4 Nd1 24. Bh3 Qxh3 25. Qd2 Qg4 26. Nd3 Rd8 27. Rxd1 Ne5 28. Qc2 Qxe4 29. Ne1 Nf3+ 30. Kh1 Rxd1 0-1

[Event "Prague Rejfir Memorial"]
[Site "Prague"]
[Date "2009.04.21"]
[Round "2"]
[White "Tichy, Vladimir"]
[Black "Rosko, Lubos"]
[Result "1-0"]
[WhiteElo "2256"]
[BlackElo "2317"]
[PlyCount "59"]
[EventDate "2009.04.14"]
[EventType "swiss"]
[EventRounds "9"]
[EventCountry "CZE"]
[SourceTitle "EXT 2012"]
[Source "ChessBase"]
[SourceDate "2011.11.24"]
[SourceVersion "1"]
[SourceVersionDate "2011.11.24"]
[SourceQuality "1"]

1. d4 Nf6 2. c4 g6 3. Nc3 d5 4. cxd5 Nxd5 5. g3 Bg7 6. Bg2 Nxc3 7. bxc3 c5 8. e3 Qa5 9. Ne2 Nc6 10. 0-0 0-0 11. a4 Rd8 12. Ba3 cxd4 13. cxd4 e6 14. Qb3 Qa6 15. Qb5 Qxb5 16. axb5 Nb8 17. Rfc1 Nd7 18. Rc7 a6 19. Be7 Re8 20. Bd6 Bf8 21. Bxf8 Nxf8 22. Nc3 Rb8 23. Ne4 Rd8 24. b6 Kg7 25. Rb1 e5 26. dxe5 Bf5 27. Rbc1 Bxe4 28. Bxe4 Nd7 29. e6 fxe6 30. Rd1 1-0

[Event "CZE-chT2C 0809"]
[Site "Czech Republic"]
[Date "2009.03.22"]
[Round "10.1"]
[White "Kubecka, David"]
[Black "Tichy, Vladimir"]
[Result "1/2-1/2"]
[WhiteElo "2293"]
[BlackElo "2256"]
[PlyCount "106"]
[EventDate "2008.10.12"]
[EventType "team-tourn"]
[EventRounds "11"]
[EventCountry "CZE"]
[SourceTitle "EXT 2010"]
[Source "ChessBase"]
[SourceDate "2010.11.25"]
[SourceVersion "1"]
[SourceVersionDate "2010.11.25"]
[SourceQuality "1"]
[WhiteTeam "Praha Oaza"]
[BlackTeam "Vysehrad III"]
[WhiteTeamCountry "CZE"]
[BlackTeamCountry "CZE"]

1. e4 e5 2. Nf3 Nf6 3. Nxe5 d6 4. Nf3 Nxe4 5. Nc3 Nf6 6. d4 Be7 7. Bd3 Bg4 8. h3 Bh5 9. Be3 c6 10. 0-0 0-0 11. Re1 Na6 12. Bg5 Nc7 13. g4 Bg6 14. Qd2 Ne6 15. Be3 Bxd3 16. Qxd3 d5 17. Ng5 Bb4 18. Nxe6 fxe6 19. f3 Nd7 20. Rf1 Qf6 21. Ne2 Bd6 22. f4 g6 23. Kg2 Qg7 24. g5 b6 25. c3 Rf7 26. Rf3 h5 27. Raf1 Nf8 28. Qd1 c5 29. b3 a5 30. Nc1 Rc7 31. Nd3 c4 32. Ne5 b5 33. bxc4 bxc4 34. Qa4 Rb7 35. Bc1 Qe7 36. R3f2 Qe8 37. Qxe8 Rxe8 38. Be3 a4 39. Rc2 Rb6 40. Rff2 Reb8 41. Rf1 R8b7 42. Kf3 Kg7 43. Rff2 Rb1 44. Rc1 Ba3 45. Rxb1 Rxb1 46. Kg2 Bb2 47. Rf1 Rxf1 48. Kxf1 Bxc3 49. Ke2 Bb4 50. Kd1 Bd6 51. Kc2 Bb4 52. Bd2 Bd6 53. Kc3 Ba3 1/2-1/2